| 000 | 01460nam a2200445 i 4500 | ||
|---|---|---|---|
| 001 | 4356 | ||
| 003 | KOSZ 005 | ||
| 005 | 20200225105828.0 | ||
| 008 | 000320s1980 pl a f |000 0 pol d | ||
| 015 | _aPB 1980/5462 | ||
| 020 | _a8321329276 | ||
| 035 | _a991013410759705066 | ||
| 035 | _a(PL-WaBN)b13614101-48omnis_nlop | ||
| 035 | _ab13614101 | ||
| 035 | _a(OCoLC)751518738 | ||
| 035 | _a(PL)b0000001361410 | ||
| 035 | _a(EXLNZ-48OMNIS_NETWORK)9910268978505606 | ||
| 040 |
_aWA N _cWA N _dKOSZ 005/HR |
||
| 041 | 0 | _apol | |
| 046 | _k1975 | ||
| 080 | _a666.9 | ||
| 100 | 1 |
_aJatymowicz, Hanna _eAutor |
|
| 245 | 1 | 0 |
_aTechnologia autoklawizowanego betonu komórkowego / _cHanna Jatymowicz, Janina Siejko, Genowefa Zapotoczna-Sytek. |
| 250 | _aWyd. 2 zm. i uaktual. | ||
| 260 |
_aWarszawa : _b"Arkady", _c1980. |
||
| 300 |
_a202, [2] s. : _bil. tab. wykr. ; _c25 cm. |
||
| 380 | _aKsiążki | ||
| 388 | _a1901-2000 | ||
| 388 | _a1945-1989 | ||
| 504 | _aBibliogr. s. 199-202, wykaz norm s. 196-198. | ||
| 650 | 7 |
_aBeton komórkowy _2DBN |
|
| 650 | 7 | _aTechnologia | |
| 658 | _aArchitektura i budownictwo | ||
| 700 | 1 |
_aSiejko, Janina _eAutor |
|
| 700 | 1 |
_aZapotoczna-Sytek, Genowefa _eAutor |
|
| 710 | 2 |
_aWydawnictwo Arkady _4pbl |
|
| 856 |
_uhttp://koha.tu.koszalin.pl/cgi-bin/koha/opac-detail.pl?biblionumber=4356 _zKatalog online BPK |
||
| 942 |
_2UKD _cKS |
||
| 999 |
_c4356 _d4356 |
||